Urban Growth and Decline: Europe’s Shrinking Cities in a Comparative Perspective 1990–2010

Zisťovanie, do akej miery zmenšovanie miest predstavuje širší trend v Európe, pokiaľ ide o trvanie aj distribúciu, a je zameraný na skúmanie vplyvu hospodárskych a demografických faktorov na nelineárny vývoj zmenšujúcich sa miest v Európe.

Uložené v:
Podrobná bibliografia
Hlavný autor: Wolff, Manuel
Ďalší autori: Wiechmann, Thorsten
Médium: Kapitola
Jazyk:English
Predmet:
Tagy: Pridať tag
Žiadne tagy, Buďte prvý, kto otaguje tento záznam!

MARC

LEADER 00000nla a2200000 4500
001 0243895
005 20240417075140.0
041 0 |a eng 
044 |a GB 
245 1 0 |a Urban Growth and Decline: Europe’s Shrinking Cities in a Comparative Perspective 1990–2010  |c Manuel Wolff, Thorsten Wiechmann 
520 |a Zisťovanie, do akej miery zmenšovanie miest predstavuje širší trend v Európe, pokiaľ ide o trvanie aj distribúciu, a je zameraný na skúmanie vplyvu hospodárskych a demografických faktorov na nelineárny vývoj zmenšujúcich sa miest v Európe. 
610 2 0 |a urbanizmus 
610 2 0 |a mestá 
610 2 0 |a Európa 
610 2 0 |a demografia 
610 2 0 |a ukazovatele demografické 
610 2 0 |a prognózy 
610 2 0 |a prognózy demografické 
100 1 |a Wolff, Manuel 
700 1 |a Wiechmann, Thorsten